000 00468 a2200145 4500
001 ART_26062
005 20260410161936.0
008 260409a
245 1 0 _aActualidad económica
100 1 _aAlsogaray, Alvaro Carlos
700 1 _aAlemann, Roberto T.
700 1 _aGarcía Martínez, Luis
700 1 _aRodríguez, Carlos A.
773 0 _tAnales de la Academia Nacional de Ciencias Económicas
_g- Vol. XXXIII, (1988) (ene. 1988)
_wREV25596
999 _c29009
_d29009